000 01358nam a2200277 a 4500
001 BRCA_6394
005 20190320205433.0
008 030911s2008----bl-a######---#000-0#por-#
020 _a9788586193408
041 _aporeng
044 _abl
050 4 _aN910
_b.C38 2008
245 1 0 _aCatálogo do Museu de Arte de São Paulo Assis Cheateaubriand = Catalogue of the Museu de Arte de São Paulo Assis Chateaubriand.
260 _aSao Paulo, Brasil
_bPremio
_c2008
300 _a3 v.
_bil. a color
_c31 cm.
504 _aIncluye referencias bibliográficas e índice
505 0 _aContenido: v.1. Arte Italiana, Península Ibérica, Europa Central = Italian Art, Iberian Peninsula, Central Europe. -- v.2. Arte Francesa, Europa Setentrional, Europa Oriental = French Art, Norther Europe, Eastern Europe. -- v.3. Arte do Brasil, Arte das Américas, Doaçôes e Coleçôes = Brazilian Art, American Art, Donations and Collections
546 _aTexto en: portugués e inglés
610 2 4 _aMuseu de Arte de Sâo Paulo Assis Chateaubriand (Brasil)
_vCatálogos
_915991
650 1 4 _aArte
_vCatálogos
_94925
650 1 4 _aArte europeo
_vCatálogos
_92136
650 1 4 _aArte Latinoamericano
_vCatálogos
_915992
650 1 4 _aArte brasileño
_vCatálogos
_915993
740 0 _aCatalogue of the Museu de Arte de São Paulo Assis Chateaubriand
942 _2lcc
_cB
999 _c6079
_d6079